| 000 | 01531nam a22004217a 4500 | ||
|---|---|---|---|
| 003 | CHAP | ||
| 005 | 20220329133839.0 | ||
| 008 | 971013s1974 r 00010 d | ||
| 010 | _a11734 | ||
| 011 | _a12706 | ||
| 035 | _a16216 | ||
| 040 | _cCHAP | ||
| 090 | _aTesis | ||
| 100 | 0 | 0 |
_aTrueba Carranza, Alejandro. _9115363 |
| 245 | _aEfecto de la fertilización nitrogenada fosfórica e irradiación gamma (60Co) sobre el rendimiento y calidad del grano de sorgo | ||
| 260 |
_aChapingo, Méx. : _bEl autor, _c1974 |
||
| 300 | _a59 h. gràfs. | ||
| 500 | _a89-163 | ||
| 502 | _aTesis (Ing. Agrónomo Especialista en suelos) -- ENA. Departamento de Suelos | ||
| 590 |
_aALEPH _b10 _c20130110 _lUCH01 _h1229 |
||
| 590 |
_aBATCH-UPD _b10 _c20130110 _lUCH01 _h0001 |
||
| 590 |
_aBATCH-UPD _b10 _c20130110 _lUCH01 _h1243 |
||
| 590 |
_aBATCH-UPD _b10 _c20130409 _lUCH01 _h1936 |
||
| 590 |
_aBATCH-UPD _b10 _c20130410 _lUCH01 _h0808 |
||
| 590 |
_aBATCH-UPD _b10 _c20130914 _lUCH01 _h1410 |
||
| 590 |
_aCONVERSION _b10 _c20130109 _lUCH01 _h1308 |
||
| 650 | 1 | 4 |
_aFertilizantes nitrogenados. _940596 |
| 650 | 1 | 4 |
_aNitrógeno _xEfecto en sorgo. _981461 |
| 650 | 1 | 4 |
_aRayos gamma _xEfectos fisiológicos. _994860 |
| 650 | 1 | 4 |
_aSorgo _xFisiología y morfología. _9108671 |
| 650 | 1 | 4 |
_aSorgo _xRendimiento. _9108714 |
| 901 | _aBK | ||
| 942 | _cFOLL | ||
| 949 |
_bBC _cTES _d-152889 _eTS1 _i16216 _si |
||
| 949 |
_bBC _cTES _d-152890 _eTS2 _fc.2 _i16216 _si |
||
| 949 |
_bBC _cTES _d-152891 _eTS2 _fc.3 _i16216 _si |
||
| 949 |
_bS _cTESBD _d-28437 _eTS1 _i16216 _si |
||
| 999 |
_c11734 _d11734 |
||